عرض عادي
عرض مارك
- Han, Jiawei.
مدخل إسم شخص
001 - رقم الضبط
- حقل الضبط: 36704
003 - معرف رقم الضبط
- حقل الضبط: OSt
005 - تاريخ ووقت أخر عملية
- حقل الضبط: 20130821180654.0
008 - عناصر بيانات ثابتة الطول
- حقل تحكم ثابت الطول: 130821|||a|||||| | ||| d
040 ## - مصدر الفهرسة
- هيئة الفهرسة الأصلية: OSt
- وكالة الكتابة: OSt
100 ## - مدخل -- أسم شخص
- إسم شخص: Han, Jiawei.
670 ## - بيانات المصدر موجوده
- الاستشهاد بالمصدر: Work cat.: (OSt)30406: Han, Jiawei., Data mining :, 2001.
